000 00816nam a2200253Ia 4500
003 OSt
005 20220918170954.0
006 a|||||r|||| 00| 0
007 ta
008 220917b |||||||| |||| 00| 0 eng d
020 _a9781107602694 (pbk)
_c1680.04
024 _a270,824
037 _b649, 24/05/2013, The Book Seller
_cTextual
040 _aARTS
_cARTS
_beng
041 _2eng
_aeng
082 _aW60bX:75, Q2
100 _aNorris Pippa
_918608
245 0 _aMaking democratic governance work
_b How regimes shape prosperity, welfare and peace
260 _aCambridge
_bCambridge University Press UK
_c2012
300 _axii,281p.
_ccm.
650 _aPOLITICAL SCIENCE
942 _hW60bX:75, Q2
_cTEXL
_2CC
999 _c137037
_d137037